Medical Specialists - Sudden Death - Statistics

General Stats
  • This quiz has been taken 355 times
    45 since last reset
  • The average score is 23 of 30
Answers on the Grid
Answers color-coded by a green-red scale on the quiz's grid according to % correct below.
Accompanist
1A
Actuary
1B
Agronomist
1C
Allergist
2A
Anesthesiologist
2B
Anthropologist
2C
Arbitrator
3A
Archeologist
3B
Cardiologist
3C
Caricaturist
4A
Cartographer
4B
Cellist
4C
Choreographer
5A
Climatologist
5B
Concierge
5C
Cosmetologist
6A
Cosmologist
6B
Cryptographer
6C
Dermatologist
7A
Economist
7B
Endocrinologist
7C
Endodontist
8A
Esthetician
8B
Evangelist
8C
Farrier
9A
Florist
9B
Gaffer
9C
Gastroenterologist
10A
Genealogist
10B
Geologist
10C
Geriatrician
11A
Gynecologist
11B
Hematologist
11C
Herpetologist
12A
Hydrologist
12B
Ichthyologist
12C
Immunologist
13A
Internist
13B
Jurist
13C
Lobbyist
14A
Logistician
14B
Metallurgist
14C
Meteorologist
15A
Mixologist
15B
Mortician
15C
Neonatologist
16A
Nephrologist
16B
Neurologist
16C
Novelist
17A
Obstetrician
17B
Oceanologist
17C
Ombudsman
18A
Oncologist
18B
Ophthalmologist
18C
Ornithologist
19A
Orthodontist
19B
Orthopedist
19C
Otolaryngologist
20A
Pathologist
20B
Pediatrician
20C
Periodontist
21A
Plebian
21B
Podiatrist
21C
Psychiatrist
22A
Pulmonologist
22B
Radiologist
22C
Receptionist
23A
Rheumatologist
23B
Seismologist
23C
Sociologist
24A
Sommelier
24B
Urologist
24C
Ventriloquist
25A
Vulcanologist
25B
Zoologist
25C
 
Answer Stats
Answer % Correct
Cardiologist
3C
97%
Dermatologist
7A
95%
Anesthesiologist
2B
92%
Endocrinologist
7C
89%
Gastroenterologist
10A
89%
Neurologist
16C
84%
Pediatrician
20C
84%
Gynecologist
11B
81%
Immunologist
13A
81%
Oncologist
18B
81%
Psychiatrist
22A
81%
Radiologist
22C
81%
Rheumatologist
23B
81%
Allergist
2A
78%
Geriatrician
11A
78%
Hematologist
11C
78%
Orthodontist
19B
78%
Orthopedist
19C
78%
Urologist
24C
78%
Ophthalmologist
18C
76%
Pathologist
20B
76%
Pulmonologist
22B
73%
Neonatologist
16A
70%
Obstetrician
17B
70%
Podiatrist
21C
70%
Periodontist
21A
62%
Nephrologist
16B
59%
Endodontist
8A
57%
Otolaryngologist
20A
51%
Internist
13B
38%
No matching quizzes found
Score Distribution
Percent of People with Each Score
Percentile by Number Answered
Your Score History
You have not taken this quiz since the last reset